000 01019nam a22002417a 4500
005 20250507140256.0
008 250507b |||||||| |||| 00| 0 eng d
020 _a978-93-92998-95-9 (hbk)
037 _cTB
040 _aCRL
_cCRL
041 _2hin
_ahin
084 _aO152,3N47x R4
_qCRL
245 _aस्वयं प्रकाश
260 _aनयी दिल्ली, भारत:
_bनयी किताब प्रकाशन,
_c2024.
300 _a168पृ0
365 _b350.00
_cINR
490 _aसर्जनात्मकता के आयाम
_v4
650 _aहिन्दी कहानी
650 _aहिन्दी साहित्य
700 _aपल्लव
_eसंपादक
_9755392
942 _2CC
_cTB
_hO152,3N47x R4
_n0
999 _c1320318
_d1320318